Deep ocean mining : presented at the winter annual meeting of the American Society of Mechanical Engineers, New York, New York, December 2-7, 1979 /

Bibliographic Details
Corporate Authors: American Society of Mechanical Engineers, American Society of Mechanical Engineers. Ocean Engineering Division
Other Authors: Flipse, John E.
Format: Book
Language:English
Published: New York, N.Y. : ASME, 1979.
Series:OED (Series) ; v. 8.
Subjects:

MARC

Tag First Indicator Second Indicator Subfields
LEADER 00000cam a2200000 a 4500
001 in00000089064
005 20151008065252.0
008 800110s1979 nyua b 10000 eng
010 |a  79054436  
035 |a (OCoLC)05990698 
035 |9 AAK5656AM 
040 |a DLC  |c DLC  |d m.c.  |d TXA  |d UtOrBLW 
049 |a TXAM  |c [1387604] 
050 0 0 |a TN291.5  |b .D42 
082 0 |a 622/.29 
245 0 0 |a Deep ocean mining :  |b presented at the winter annual meeting of the American Society of Mechanical Engineers, New York, New York, December 2-7, 1979 /  |c sponsored by the Ocean Engineering Division, ASME ; edited by John E. Flipse. 
264 1 |a New York, N.Y. :  |b ASME,  |c 1979. 
300 |a v, 73 pages :  |b illustrations ;  |c 26 cm. 
336 |a text  |b txt  |2 rdacontent 
337 |a unmediated  |b n  |2 rdamedia 
338 |a volume  |b nc  |2 rdacarrier 
490 1 |a OED/American Society of Mechanical Engineers. Ocean Engineering Division ;  |v vol. 8 
504 |a Includes bibliographical references. 
650 0 |a Ocean mining  |x Congresses. 
700 1 |a Flipse, John E. 
710 2 |a American Society of Mechanical Engineers. 
710 2 |a American Society of Mechanical Engineers.  |b Ocean Engineering Division. 
830 0 |a OED (Series) ;  |v v. 8. 
999 |a MARS 
999 f f |s b9da9f20-9c5a-34a9-92f9-e5a74e56f840  |i 2a5c6ed3-7025-3518-b075-f0de6fd11462  |t 0 
952 f f |p ric  |a Texas A&M University  |b Rellis Campus  |c Joint Library Facility  |d Remote Storage  |t 0  |e TN291.5 .D42  |h Library of Congress classification  |i unmediated -- volume  |m A14806254866 
998 f f |a TN291.5 .D42  |t 0  |l Remote Storage